| 000 | 00603nam a2200229Ia 4500 | ||
|---|---|---|---|
| 003 | OSt | ||
| 005 | 20230504175027.0 | ||
| 008 | 210423s2013 xx 000 0 und d | ||
| 020 | _a978-0-07-803525-8 | ||
| 040 | _cAL | ||
| 041 | _aeng | ||
| 082 |
_a150 _223 _bFELU |
||
| 100 |
_aFELDMAN (Robert S) _998035 |
||
| 245 | _aEssentails of understanding psychology Ed 10 | ||
| 250 | _a10 | ||
| 260 |
_aNew York _bMcGrawhill _c2013 |
||
| 300 |
_axxxiii,566 _bPB |
||
| 365 |
_b5620.36 _cGBP |
||
| 650 |
_aPsychology _998036 |
||
| 906 | _a10 ; Essentails ; psychology ; understanding | ||
| 942 |
_2ddc _cBK |
||
| 999 |
_c170935 _d170935 |
||